|
|
|
|
| LEADER |
01312nam a2200289 a 4500 |
| 001 |
13706305 |
| 008 |
090614s2005 nyua b 001 0 eng d |
| 010 |
|
|
|a \\2004058323
|
| 020 |
|
|
|a 0393924963
|
| 040 |
|
|
|a DLC
|c DLC
|d DLC
|
| 082 |
0 |
0 |
|a 338.5/024/658
|2 22
|
| 245 |
0 |
0 |
|a Managerial economics :
|b theory, applications, and cases /
|c W. Bruce Allen ... [et al.].
|
| 250 |
|
|
|a 6th ed.
|
| 260 |
|
|
|a New York :
|b W.W. Norton,
|c c2005.
|
| 300 |
|
|
|a xxiv, 832, 88 p. :
|b ill. ;
|c 25 cm.
|
| 504 |
|
|
|a Includes bibliographical references and index.
|
| 541 |
1 |
|
|e 00013420
|
| 650 |
|
0 |
|a Managerial economics.
|
| 700 |
1 |
|
|a Allen, W. Bruce.
|
| 700 |
1 |
|
|a Doherty, Neil.
|
| 700 |
1 |
|
|a Weigelt, Keith.
|
| 700 |
1 |
|
|a Mansfield, Edwin.
|
| 852 |
4 |
|
|a Ayesha Abed Library
|j General shelf
|
| 999 |
|
|
|c 1283
|d 1283
|
| 952 |
|
|
|0 0
|1 0
|2 ddc
|4 0
|6 338_502465800000000_ALL
|7 0
|9 1168
|a BRACUL
|b BRACUL
|c GEN
|d 2009-06-25
|g 795.00
|l 2
|m 2
|o 338.5024658 ALL
|p 3010013420
|r 2016-03-20
|s 2016-02-28
|t 1
|w 2009-06-25
|y BK
|
| 952 |
|
|
|0 0
|1 0
|2 ddc
|4 1
|6 338_502465800000000_ALL
|7 0
|9 21544
|a BRACUL
|b BRACUL
|c SPS
|d 2012-12-19
|g 795.00
|l 1
|o 338.5024658 ALL
|p 3010013422
|r 2016-05-29
|s 2016-05-22
|t 2
|w 2012-12-19
|y BK
|
| 952 |
|
|
|0 0
|1 0
|2 ddc
|4 1
|6 338_502465800000000_ALL
|7 0
|9 44197
|a BRACUL
|b BRACUL
|c SPS
|d 2014-11-24
|g 795.00
|l 0
|o 338.5024658 ALL
|p 3010013421
|r 2014-11-24
|t 3
|w 2014-11-24
|y BK
|